| 000 | 00392nam a2200157Ia 4500 | ||
|---|---|---|---|
| 008 | 230524s9999 xx 000 0 und d | ||
| 082 |
_a5.133 _bDRO |
||
| 100 |
_aAdams Drozdek _922622 |
||
| 245 | 0 | _aData Structures and Algorithms in Java | |
| 250 | _a1ST | ||
| 260 |
_aSINGAPORE _bThomson _c2000 |
||
| 300 | _aXIII;619 | ||
| 500 | _aQuantity Number: 1 | ||
| 650 | _aComp-Sc | ||
| 942 | _cBK | ||
| 999 |
_c33209 _d33209 |
||